[Event "London Classic Open 2017"]
[Site "London ENG"]
[Date "2017.12.03"]
[Round "3.69"]
[White "Kim, Jinsoo"]
[Black "Cordes, Hans-Joerg"]
[Result "1-0"]
[BlackTitle "FM"]
[WhiteElo "1986"]
[BlackElo "2227"]
[WhiteFideId "13202405"]
[BlackFideId "4602234"]
[EventDate "2017.12.02"]

1. e4 e6 2. d4 d5 3. Nd2 c5 4. exd5 Qxd5 5. Ngf3 cxd4 6. Bc4 Qd7 7. Nb3 Nc6 8.
O-O Nf6 9. Nbxd4 Nxd4 10. Nxd4 a6 11. Re1 b5 12. Bb3 Bb7 13. Bf4 Nd5 14. Be5 Be7
15. c4 Nf6 16. cxb5 axb5 17. Qe2 O-O 18. Qxb5 Qxb5 19. Nxb5 Ra5 20. Nc3 Ng4 21.
Bg3 Bf6 22. Rab1 Ne5 23. Ne4 Bxe4 24. Rxe4 Nd3 25. Re2 Rc8 26. Rxe6 Nc1 27. Re3
Nxb3 28. axb3 Bxb2 29. h3 Bd4 30. Rd3 Be5 31. Bxe5 Rxe5 32. b4 Rb5 33. Kf1 Kf8
34. Rd4 Rc2 35. Re4 g6 36. Re2 Rc4 37. Reb2 Ke7 38. Rb3 Ke6 39. R1b2 Kd5 40.
Rd3+ Kc6 41. Rdb3 Re5 42. g3 Kb5 43. Kg2 Ree4 44. Ra3 Re7 45. Ra5+ Kb6 46. Rd5
Kc6 47. Rd8 Kb5 48. Rb8+ Ka4 49. Rb1 Rcc7 50. b5 Rb7 51. Ra8+ Ra7 52. Rxa7+ Rxa7
53. Ra1+ 1-0

[Event "London Classic Open 2017"]
[Site "London ENG"]
[Date "2017.12.03"]
[Round "3.70"]
[White "Stigar, Petter"]
[Black "Boger, Raymond"]
[Result "1-0"]
[WhiteTitle "FM"]
[WhiteElo "2214"]
[BlackElo "1986"]
[WhiteFideId "1500341"]
[BlackFideId "1507419"]
[EventDate "2017.12.02"]

1. d4 g6 2. Nf3 Bg7 3. c4 Nc6 4. Nc3 e5 5. dxe5 Nxe5 6. Nxe5 Bxe5 7. g3 Bg7 8.
Bg2 Ne7 9. O-O O-O 10. Bf4 d6 11. Qd2 Nc6 12. Rac1 Be6 13. b3 Qd7 14. Rfd1 Rad8
15. Bg5 f6 16. Be3 b6 17. Nd5 Ne7 18. Bd4 Bg4 19. Bb2 Rde8 20. Re1 Kh8 21. Bc3
a5 22. Qb2 Nxd5 23. cxd5 Re7 24. Bd4 Kg8 25. e3 Qf5 26. f3 Bh3 27. g4 Bxg4 28.
fxg4 Qxg4 29. e4 Bh6 30. Be3 Bxe3+ 31. Rxe3 f5 32. Rg3 Qh4 33. exf5 Rxf5 34. Rf1
Rh5 35. Rh3 Qg4 36. Rxh5 Re2 37. Rf8+ Kxf8 38. Qh8+ Kf7 39. Rxh7# 1-0

[Event "London Classic Open 2017"]
[Site "London ENG"]
[Date "2017.12.03"]
[Round "3.71"]
[White "Ledger, Dave J"]
[Black "Misyura, Ilya"]
[Result "1/2-1/2"]
[WhiteTitle "FM"]
[WhiteElo "2209"]
[BlackElo "1983"]
[WhiteFideId "401986"]
[BlackFideId "434183"]
[EventDate "2017.12.02"]

1. e4 e6 2. d4 d5 3. Nc3 Bb4 4. e5 c5 5. a3 Ba5 6. b4 cxd4 7. Nb5 Bc7 8. f4 Bd7
9. Nf3 Bxb5 10. Bxb5+ Nc6 11. Nxd4 Ne7 12. Be3 Bb6 13. h4 a6 14. Be2 Nxd4 15.
Bxd4 Bxd4 16. Qxd4 Nf5 17. Qf2 h5 18. Bd3 g6 19. Rh3 Qc7 20. Bxf5 gxf5 21. Rg3
Qc4 22. O-O-O Rc8 23. Kb2 a5 24. Rd4 Qb5 25. Qd2 Ke7 26. Rdd3 Rc4 27. Rd4 axb4
28. axb4 Ra8 29. Rxc4 Qxc4 30. Rb3 Ra4 31. Qc3 b5 32. g3 Kd7 33. Qe1 Qd4+ 34.
Qc3 Qa7 35. Ra3 Rxa3 1/2-1/2

[Event "London Classic Open 2017"]
[Site "London ENG"]
[Date "2017.12.03"]
[Round "3.72"]
[White "Haribalu, V."]
[Black "Rogacewicz, Mikolaj"]
[Result "1-0"]
[WhiteElo "2205"]
[BlackElo "1961"]
[WhiteFideId "5015189"]
[BlackFideId "21842981"]
[EventDate "2017.12.02"]

1. e4 e6 2. d4 d5 3. Nd2 Nf6 4. e5 Nfd7 5. f4 c5 6. c3 Nc6 7. Ndf3 Qb6 8. g3
cxd4 9. cxd4 Be7 10. Ne2 O-O 11. Bh3 f6 12. Bxe6+ Kh8 13. exf6 Nxf6 14. Bxc8
Bb4+ 15. Kf1 Raxc8 16. Kg2 Rfe8 17. Rf1 Qa6 18. Ne5 Ne4 19. Be3 Na5 20. Ng1 Nc4
21. Rf3 Nxb2 22. Qb3 Nc4 23. Nxc4 Rxc4 24. a3 Bd2 25. Bf2 Bc3 26. Rd1 Nd2 27.
Rxd2 Bxd2 28. Rd3 Ba5 29. Nf3 Qg6 30. Ne5 Qe4+ 31. Kh3 Rc7 32. Re3 Qf5+ 33. g4
Qe6 34. Qb5 Rc3 35. Qxa5 Rxe3+ 36. Bxe3 h5 37. f5 hxg4+ 38. Kxg4 Qa6 39. Qxa6
bxa6 40. Bd2 Rc8 41. Bb4 Rc2 42. h4 Kg8 43. Bc5 Rg2+ 44. Kf3 Ra2 45. Ng4 Kf7 46.
Kf4 Ra1 47. Ne3 Rh1 48. Nxd5 Rxh4+ 49. Ke5 Rh5 50. Nf4 Rh1 51. Ng2 Rg1 52. Ne3
g5 53. d5 Rc1 54. Bb4 Rc8 55. f6 a5 56. Be7 1-0

[Event "London Classic Open 2017"]
[Site "London ENG"]
[Date "2017.12.03"]
[Round "3.73"]
[White "Megalios, Konstantinos"]
[Black "Stoyanov, Viktor"]
[Result "1-0"]
[WhiteElo "2203"]
[BlackElo "1950"]
[WhiteFideId "4238044"]
[BlackFideId "450308"]
[EventDate "2017.12.02"]

1. e4 c5 2. Nf3 g6 3. d4 cxd4 4. Nxd4 Nc6 5. c4 Nf6 6. Nc3 d6 7. f3 Nxd4 8. Qxd4
Bg7 9. Be3 O-O 10. Qd2 Be6 11. Rc1 Nd7 12. b3 Nc5 13. Be2 Bd7 14. O-O a5 15.
Rfd1 Bc6 16. Bf1 Qb6 17. Nd5 Bxd5 18. cxd5 Rfc8 19. Rc4 Qd8 20. Rc2 Na6 21. Bxa6
bxa6 22. Rdc1 a4 23. b4 a3 24. Rc6 Rcb8 25. Rc7 Bf6 26. R1c6 h5 27. Qc1 Bb2 28.
Qc4 Kh7 29. Bg5 f6 30. Bf4 Kg8 31. Be3 Kf7 32. e5 Bxe5 33. f4 Bb2 34. Qe4 Ba1
35. h4 f5 36. Qe6+ Kg7 37. Rxe7+ Kh6 38. Rcc7 Qh8 39. Qd7 1-0

[Event "London Classic Open 2017"]
[Site "London ENG"]
[Date "2017.12.03"]
[Round "3.74"]
[White "Bansal, Rohan"]
[Black "Willmoth, Robert F"]
[Result "1/2-1/2"]
[BlackTitle "CM"]
[WhiteElo "1971"]
[BlackElo "2202"]
[WhiteFideId "425052"]
[BlackFideId "402540"]
[EventDate "2017.12.02"]

1. d4 d6 2. Nf3 Bg4 3. h3 Bxf3 4. exf3 Nf6 5. Bd3 g6 6. O-O Bg7 7. c3 O-O 8. Nd2
d5 9. Re1 Nbd7 10. Nf1 c5 11. dxc5 Nxc5 12. Bc2 Qc7 13. Be3 Rfe8 14. Qd4 Ne6 15.
Qb4 Nd8 16. Ba4 Nc6 17. Qc5 e6 18. Bg5 Nd7 19. Qe3 Nb6 20. Bb3 Na5 21. Nd2 Nbc4
22. Bxc4 Nxc4 23. Nxc4 Qxc4 24. Qf4 Qb5 25. Bf6 e5 26. Rxe5 Rxe5 27. Bxe5 Bxe5
28. Qxe5 Qxb2 29. Rd1 Qxa2 30. Rxd5 a5 31. h4 a4 32. h5 Qa3 33. Ra5 Rxa5 34.
Qxa5 Qc1+ 35. Kh2 Qf4+ 36. Kg1 Kg7 37. Qa8 b5 38. Qa5 Qe5 39. Qb4 Qd5 40. h6+
Kxh6 41. Qf8+ Kg5 42. Qe7+ Kh6 1/2-1/2

[Event "London Classic Open 2017"]
[Site "London ENG"]
[Date "2017.12.03"]
[Round "3.75"]
[White "Brooks, Phil J"]
[Black "Iraqui, Youssef"]
[Result "1/2-1/2"]
[WhiteElo "2192"]
[BlackElo "1932"]
[WhiteFideId "405540"]
[BlackFideId "9000666"]
[EventDate "2017.12.02"]

1. d4 f5 2. c4 Nf6 3. Nc3 g6 4. h4 Bg7 5. h5 Nxh5 6. e4 Nf6 7. exf5 gxf5 8. Bd3
e6 9. Bg5 d6 10. Nf3 Bd7 11. Qe2 Qe7 12. O-O-O h6 13. Bh4 Nc6 14. Rde1 O-O-O 15.
Bxf5 e5 16. Bxd7+ Qxd7 17. d5 Ne7 18. Qe3 Kb8 19. Kb1 Nf5 20. Qd3 Rdf8 21. Ne4
Nxh4 22. Rxh4 Nxe4 23. Qxe4 Bf6 24. Rh5 Bg5 25. Reh1 Rf4 26. Qc2 Rhf8 27. Nxg5
hxg5 28. Rh7 Qg4 29. f3 Qf5 30. Qxf5 R4xf5 31. Rg7 Rf4 32. b3 g4 33. Rhh7 gxf3
34. gxf3 Rc8 35. Rf7 Rxf7 36. Rxf7 Rg8 37. f4 exf4 38. Rxf4 Rh8 39. Rf2 1/2-1/2

[Event "London Classic Open 2017"]
[Site "London ENG"]
[Date "2017.12.03"]
[Round "3.76"]
[White "Ifalore, Michael"]
[Black "Luncasu, Raul-Ionut"]
[Result "0-1"]
[WhiteElo "1962"]
[BlackElo "2191"]
[WhiteFideId "436356"]
[BlackFideId "1206222"]
[EventDate "2017.12.02"]

1. d4 Nf6 2. Bf4 g6 3. Nc3 Bg7 4. e4 d6 5. Qd2 h6 6. O-O-O g5 7. Be3 Ng4 8. Bc4
Nc6 9. Nge2 a6 10. h3 Nxe3 11. Qxe3 e6 12. d5 Ne5 13. Bb3 Bd7 14. f4 gxf4 15.
Nxf4 Qg5 16. h4 Qg4 17. Rh3 Ng6 18. Rf1 Be5 19. Nce2 Nxf4 20. Nxf4 Rg8 21. Rhf3
O-O-O 22. Qa7 c5 23. dxe6 fxe6 24. Bxe6 Bxf4+ 25. Rxf4 Qxe6 26. Rf6 Qxe4 27.
Rxd6 Qe3+ 28. Kb1 Bb5 29. c4 Rxd6 30. Qa8+ Kc7 31. Rf7+ Bd7 0-1

[Event "London Classic Open 2017"]
[Site "London ENG"]
[Date "2017.12.03"]
[Round "3.77"]
[White "Midhun, P U"]
[Black "Oyama, Akito"]
[Result "1/2-1/2"]
[WhiteElo "1956"]
[BlackElo "2185"]
[WhiteFideId "5074940"]
[BlackFideId "7001630"]
[EventDate "2017.12.02"]

1. d4 e6 2. g3 f5 3. Bg2 Nf6 4. c4 Be7 5. Nc3 d6 6. Nf3 O-O 7. O-O Ne4 8. h4 h6
9. Qc2 Nxc3 10. bxc3 Bf6 11. e4 Nc6 12. exf5 exf5 13. Bh3 Kh8 14. Be3 Na5 15.
Bxf5 Bxf5 16. Qxf5 Nxc4 17. Qd3 d5 18. Kg2 Qd7 19. Bf4 c6 20. Ng5 hxg5 21. hxg5
Kg8 22. Rh1 Bxg5 23. Qh7+ Kf7 24. Qh5+ Kg8 25. Qh7+ Kf7 26. Bxg5 Rh8 27. Qd3 Qg4
28. Bf4 Qg6 29. Qf3 Qe4 30. Qxe4 dxe4 31. Rhe1 Rhe8 32. Rab1 Re7 33. Bg5 Rd7 34.
Rxe4 Re8 35. Kf3 Rxe4 36. Kxe4 Kg6 37. Bf4 Re7+ 38. Kd3 b5 39. a4 a6 40. axb5
axb5 41. Be3 Ra7 42. Rb4 Kf5 43. Rb1 Kg4 44. Rh1 Kf3 45. Rh4 Re7 46. Rf4+ Kg2
47. g4 Nb2+ 48. Kc2 Nc4 49. Kd3 Nb2+ 50. Ke2 Na4 51. Kd2 Nb6 52. g5 Nd5 53. Rf5
g6 54. Re5 Kf3 55. Kd3 Ra7 56. Re6 Ra3 57. Rxg6 Rxc3+ 58. Kd2 b4 59. Rf6+ Kg4
60. Rf7 Kh5 61. Rb7 b3 62. Rb8 Kg6 63. Rg8+ Kf5 64. Rf8+ Kg6 65. Rb8 Kf5 66. Rb7
Rc2+ 67. Kd3 Rc3+ 68. Kd2 Rc2+ 69. Kd3 Rc3+ 1/2-1/2

[Event "London Classic Open 2017"]
[Site "London ENG"]
[Date "2017.12.03"]
[Round "3.78"]
[White "Vachtfeidl, Petr"]
[Black "Sumit, Kumar"]
[Result "0-1"]
[WhiteElo "1934"]
[BlackElo "2176"]
[WhiteFideId "315028"]
[BlackFideId "5054010"]
[EventDate "2017.12.02"]

1. d4 d5 2. c4 c6 3. Nf3 Nf6 4. Nc3 a6 5. c5 Bf5 6. h3 g6 7. Bf4 Nbd7 8. e3 Bg7
9. Be2 O-O 10. O-O h6 11. b4 Re8 12. Qb3 Ne4 13. Rac1 e5 14. dxe5 Nxe5 15. Nxe4
Nxf3+ 16. Bxf3 Bxe4 17. Be2 Qf6 18. Rfd1 g5 19. Bd6 Qb2 20. Bd3 Qxb3 21. axb3
Bb2 22. Rc2 Ba3 23. Bxe4 Rxe4 24. Rd4 Rxd4 25. exd4 Re8 26. Kf1 Bxb4 27. Re2
Rxe2 28. Kxe2 b5 29. g4 a5 30. f3 a4 31. bxa4 bxa4 32. Kd3 a3 33. Kc2 a2 34. Kb2
a1=Q+ 35. Kxa1 Bc3+ 36. Ka2 Bxd4 37. Kb3 f6 38. Kb4 Be5 39. Be7 Kf7 40. Bd8 Ke6
41. Ka5 Kd7 42. Bb6 Bc7 43. Bxc7 Kxc7 44. Kb4 Kd7 45. Ka5 d4 46. Kb4 Ke6 47. Kc4
Ke5 0-1

[Event "London Classic Open 2017"]
[Site "London ENG"]
[Date "2017.12.03"]
[Round "3.79"]
[White "Osborne, Marcus E"]
[Black "De Coverly, Roger D"]
[Result "1/2-1/2"]
[WhiteElo "2175"]
[BlackElo "1921"]
[WhiteFideId "404608"]
[BlackFideId "405213"]
[EventDate "2017.12.02"]

1. d4 Nf6 2. c4 g6 3. Nc3 Bg7 4. e4 d6 5. f3 O-O 6. Nge2 c5 7. d5 e6 8. Ng3 exd5
9. cxd5 a6 10. a4 Nbd7 11. Be2 Rb8 12. O-O Re8 13. Bg5 h6 14. Be3 h5 15. Qd2 Ne5
16. Bg5 Qc7 17. f4 Ned7 18. f5 Nh7 19. Bh6 Ndf6 20. Qf4 Bd7 21. a5 Re5 22. Rf3
Qd8 23. Bxg7 Kxg7 24. h4 Qe7 25. Raf1 Rf8 26. R3f2 Qd8 27. Ra1 Bc8 28. Nf1 b5
29. axb6 Qxb6 30. Bf3 gxf5 31. exf5 Rxf5 32. Qg3+ Kh8 33. Ne3 Rg8 34. Nxf5 Rxg3
35. Nxg3 Bg4 36. Raf1 c4 37. Kh1 Qe3 38. Re2 Qf4 39. Kh2 Bf5 40. Bxh5 Qxh4+ 41.
Kg1 Bd3 42. Re3 Bxf1 43. Kxf1 Qf4+ 44. Rf3 Qc1+ 45. Kf2 Qxb2+ 46. Kg1 Qc1+ 47.
Kf2 Qd2+ 48. Kf1 Nxh5 49. Nxh5 Ng5 50. Rg3 f5 51. Kg1 Qe1+ 52. Kh2 Qe5 53. Ne2
Qxe2 54. Rxg5 Qe4 55. g3 c3 56. Nf6 Qe2+ 57. Kh3 Qf1+ 58. Kh2 Qf2+ 1/2-1/2

[Event "London Classic Open 2017"]
[Site "London ENG"]
[Date "2017.12.03"]
[Round "3.80"]
[White "Brozel, Sacha"]
[Black "Damianou, Ioannis"]
[Result "1-0"]
[WhiteElo "2168"]
[BlackElo "1907"]
[WhiteFideId "429317"]
[BlackFideId "5902355"]
[EventDate "2017.12.02"]

1. g3 Nf6 2. Bg2 g6 3. c4 Bg7 4. Nc3 c6 5. e4 d6 6. Nge2 O-O 7. O-O e5 8. d3
Nbd7 9. h3 Nc5 10. Be3 Be6 11. f4 Qe7 12. Qd2 Ne8 13. b4 Na6 14. a3 Qd7 15. Kh2
f5 16. exf5 gxf5 17. Rab1 e4 18. Rfd1 Nac7 19. dxe4 Bxc4 20. e5 d5 21. Nd4 Ne6
22. Nxe6 Qxe6 23. b5 Qe7 24. bxc6 bxc6 25. Na4 Qxa3 26. Ra1 Qb3 27. Nc5 Qb6 28.
Rdb1 Qc7 29. Rb7 Qc8 30. Qa5 Rf7 31. Rxf7 Kxf7 32. Rb1 Kg8 33. Rb7 Bf8 34. Rxa7
Rxa7 35. Qxa7 Nc7 36. h4 Bxc5 37. Qxc5 Qd7 38. Qa7 Qf7 39. Qb7 Bb5 40. Bh3 d4
41. Bxd4 Ne6 42. Qc8+ Kg7 43. Be3 c5 44. Bg2 Qd7 45. Qb8 c4 46. g4 fxg4 47. f5
g3+ 48. Kxg3 Qd3 49. Qa7+ Bd7 50. fxe6 Qg6+ 51. Kh2 Qxe6 52. Qd4 Be8 53. Bd5 Qf5
54. e6+ Qf6 55. Bh6+ 1-0

[Event "London Classic Open 2017"]
[Site "London ENG"]
[Date "2017.12.03"]
[Round "3.81"]
[White "Rizzoli, Aluna"]
[Black "Caglar, Sila"]
[Result "1-0"]
[BlackTitle "WFM"]
[WhiteElo "1899"]
[BlackElo "2167"]
[WhiteFideId "843881"]
[BlackFideId "6364063"]
[EventDate "2017.12.02"]

1. d4 Nf6 2. Bf4 g6 3. Nc3 d5 4. Nf3 Bg7 5. h3 O-O 6. e3 b6 7. Nb5 Na6 8. c4 c6
9. Nc3 Nc7 10. Qa4 Bb7 11. Be2 Ne6 12. Be5 dxc4 13. Qxc4 b5 14. Qb3 a5 15. O-O
a4 16. Qb4 Nc7 17. Bxc7 Qxc7 18. Rfc1 Qd6 19. a3 Rfd8 20. Ne5 Bf8 21. Bf3 Qe6
22. Nxb5 Rab8 23. Nxc6 Bxc6 24. Bxc6 Rb6 25. Nc7 Qxc6 26. Rxc6 Rxc6 27. Nb5 Rb8
28. Qxa4 Rcb6 29. Nc3 Rxb2 30. Qd1 1-0

[Event "London Classic Open 2017"]
[Site "London ENG"]
[Date "2017.12.03"]
[Round "3.82"]
[White "Pein, Jonathan"]
[Black "Jain, Gautam"]
[Result "1-0"]
[WhiteElo "2165"]
[BlackElo "1804"]
[WhiteFideId "417092"]
[BlackFideId "425311"]
[EventDate "2017.12.02"]

1. b3 e5 2. Bb2 Nc6 3. e3 f5 4. c4 Nf6 5. Nc3 Bc5 6. Nge2 d6 7. d4 Bb6 8. dxe5
Nxe5 9. Nf4 O-O 10. Be2 Nfg4 11. Ncd5 Kh8 12. h3 Qh4 13. g3 Qh6 14. Bf3 Nxf3+
15. Qxf3 Ne5 16. Qe2 Bd7 17. O-O-O Bc6 18. Rhg1 Rae8 19. g4 fxg4 20. hxg4 Bxd5
21. g5 Qh4 22. cxd5 Rxf4 23. exf4 Qxf4+ 24. Kb1 Qf5+ 25. Ka1 Qxf2 26. Qh5 g6 27.
Qh3 Qxg1 28. Rxg1 Bxg1 29. Qf1 Bc5 30. Qf7 Ra8 31. Qxc7 Re8 32. Qf7 Ra8 33. b4
Bxb4 34. Qxb7 Rf8 35. Bxe5+ dxe5 36. Qxb4 Rf1+ 37. Kb2 Rf2+ 38. Kc1 1-0

[Event "London Classic Open 2017"]
[Site "London ENG"]
[Date "2017.12.03"]
[Round "3.83"]
[White "Marusenko, Petr"]
[Black "Mugalu, Hassan"]
[Result "1-0"]
[WhiteTitle "IM"]
[WhiteElo "2145"]
[BlackElo "1798"]
[WhiteFideId "14100606"]
[BlackFideId "451533"]
[EventDate "2017.12.02"]

1. d4 Nf6 2. c4 e6 3. Nc3 b6 4. e4 Bb4 5. Qc2 Bb7 6. f3 Nc6 7. Be3 O-O 8. Bd3 e5
9. Ne2 Re8 10. d5 Ne7 11. a3 Bc5 12. Bg5 Ng6 13. b4 Be7 14. Be3 c5 15. Rb1 d6
16. O-O Qd7 17. Qb2 h5 18. Bc2 Rf8 19. Ba4 Qc8 20. bxc5 dxc5 21. Ng3 h4 22. Nf5
Rb8 23. Nb5 Qe8 24. Qb3 a6 25. Nc7 Qc8 26. Nxe7+ Nxe7 27. Qxb6 h3 28. g3 Nxe4
29. Bxc5 Qf5 30. Bc2 Qg5 31. Bxe4 f5 32. Bxe7 Qxe7 33. Qe6+ Qxe6 34. Nxe6 fxe4
35. Nxf8 Kxf8 36. fxe4+ Ke7 37. c5 1-0

[Event "London Classic Open 2017"]
[Site "London ENG"]
[Date "2017.12.03"]
[Round "3.84"]
[White "Pedersen, Carsten"]
[Black "Dunn, Maxim"]
[Result "1-0"]
[WhiteElo "2144"]
[BlackElo "1757"]
[WhiteFideId "1409760"]
[BlackFideId "456551"]
[EventDate "2017.12.02"]

1. e4 Nf6 2. Nc3 e6 3. d4 d5 4. e5 Nfd7 5. f4 c5 6. Nf3 Nc6 7. Be3 cxd4 8. Nxd4
a6 9. Qd2 Bc5 10. O-O-O Nxd4 11. Bxd4 b5 12. Ne4 Bxd4 13. Nd6+ Kf8 14. Qxd4 Qb6
15. Qd2 Bb7 16. g4 Nc5 17. Bg2 Ne4 18. Nxe4 dxe4 19. Rhe1 e3 20. Qb4+ Kg8 21.
Rd6 Qc7 22. Bxb7 Qxb7 23. Qd4 g6 24. f5 Qf3 25. fxe6 fxe6 26. Rxe3 Qh1+ 27. Qd1
Qxh2 28. Rd8+ Kg7 29. Rd7+ Kg8 30. Rd8+ Kg7 31. Rd7+ Kg8 32. b3 Qf4 33. Qf3 Qxf3
34. Rxf3 h5 35. Rf6 h4 36. Rxg6+ Kf8 37. Rf6+ Kg8 38. Rd2 Re8 39. Rh2 Kg7 40.
Rh3 Rh6 41. Rxh6 Kxh6 42. Rxh4+ Kg5 43. Rh7 Kxg4 44. Rf7 Rc8 45. Rf6 Rc6 46. b4
Kg5 47. a3 Kg4 48. Kb2 Kg5 49. c3 Kg4 50. Kc2 Kg5 51. Kd3 Kg4 52. Rf7 Kg5 53.
Rd7 Kf5 54. Rd6 Rxd6+ 55. exd6 Kf6 56. Ke4 e5 57. d7 Ke7 58. Kxe5 Kxd7 59. Kd5
Kc7 60. Kc5 Kb7 61. c4 bxc4 62. Kxc4 Kb6 63. a4 Kc6 64. Kc3 Kd5 65. Kd3 Kc6 66.
Ke4 Kd6 67. Kd4 Kc6 68. Ke5 Kc7 69. Kd5 Kd7 70. Kc5 Kc7 71. a5 Kb7 72. Kd6 Kb8
73. Kc6 Ka7 74. Kc7 1-0

[Event "London Classic Open 2017"]
[Site "London ENG"]
[Date "2017.12.03"]
[Round "3.85"]
[White "Marcos Herrero, Francisco"]
[Black "Woong, Zhi Wei William"]
[Result "0-1"]
[BlackTitle "CM"]
[WhiteElo "1897"]
[BlackElo "2137"]
[WhiteFideId "2279045"]
[BlackFideId "5804906"]
[EventDate "2017.12.02"]

1. Nf3 d5 2. c4 e6 3. g3 Nf6 4. Bg2 dxc4 5. Qa4+ Bd7 6. Qxc4 c5 7. Ne5 Qc8 8.
O-O Nc6 9. Nxd7 Qxd7 10. Nc3 Be7 11. d3 O-O 12. Bg5 Rac8 13. Bxf6 gxf6 14. Qh4
Qd4 15. Qh6 Qg4 16. f4 Nd4 17. e4 f5 18. Rae1 Rfd8 19. Kh1 Bf8 20. Qh3 h5 21.
Qxg4+ hxg4 22. h3 Bg7 23. hxg4 fxg4 24. Rf2 Nc6 25. Bf1 Nb4 26. e5 Nxd3 27. Bxd3
Rxd3 28. Ne4 Bf8 29. Kg2 Be7 30. Rh1 Re3 31. Nf6+ Bxf6 32. exf6 e5 33. Rh4 e4
34. Rxg4+ Kf8 35. Rd2 Rd3 36. Re2 Rc6 37. Rxe4 Rd2+ 38. Kf3 Rxf6 39. Re2 Rxe2
40. Kxe2 Ra6 41. a3 Rb6 42. b4 cxb4 43. axb4 Rxb4 44. Kd3 a5 45. Kc3 b5 46. Rg5
f6 47. Rc5 Ke7 48. Rc7+ Ke6 49. Ra7 Rc4+ 50. Kd3 a4 51. Ra5 Rb4 52. Kc3 Rb3+ 53.
Kc2 Kd5 54. Ra6 Rxg3 55. Rxf6 Rf3 56. Rf8 Kc4 57. f5 Rf2+ 58. Kc1 Kb3 59. f6 a3
60. Rb8 b4 0-1

[Event "London Classic Open 2017"]
[Site "London ENG"]
[Date "2017.12.03"]
[Round "3.86"]
[White "Paquico Rodriguez, Ivan"]
[Black "Selkirk, Rebecca"]
[Result "1/2-1/2"]
[WhiteElo "2137"]
[BlackElo "1747"]
[WhiteFideId "2256320"]
[BlackFideId "14306514"]
[EventDate "2017.12.02"]

1. d4 d5 2. c4 c6 3. Nf3 Nf6 4. e3 e6 5. b3 Nbd7 6. Bb2 b6 7. Bd3 Bd6 8. O-O O-O
9. Nbd2 Bb7 10. Ne5 c5 11. f4 cxd4 12. exd4 Ne4 13. Qe2 f5 14. Ndf3 Ndf6 15.
Rac1 Rc8 16. a3 a5 17. Ne1 Qe7 18. Nc2 Rc7 19. a4 Rfc8 20. Ne3 Bb4 21. Rfd1 g6
22. Nf3 h6 23. Ne5 Kh7 24. g3 Rg8 25. Bb1 g5 26. fxg5 Rxg5 27. Ng2 Qe8 28. cxd5
Rxc1 29. Rxc1 Bxd5 30. Qa6 Rg7 31. Rc8 Qh5 32. Qd3 Ng4 33. Nxg4 Qxg4 34. Rc2
Bxb3 35. Rc1 Bxa4 36. Ba2 Ng5 37. Nf4 Qxf4 38. gxf4 Nh3+ 39. Kf1 Rg1+ 40. Ke2
Nxf4+ 41. Ke3 Nxd3 42. Rxg1 Nxb2 43. Bxe6 Bc2 44. Bg8+ Kh8 45. Be6 a4 46. Rg8+
Kh7 47. Rc8 Nd1+ 48. Ke2 Nc3+ 49. Kd2 Be4 50. h4 Nb5+ 51. Ke3 a3 52. h5 Kg7 53.
Bc4 Nd6 54. Rg8+ Kf6 55. Ba2 Nb5 56. Rg6+ Ke7 57. Rxb6 Nc3 58. Rxb4 Nxa2 59. Ra4
Kf6 60. Rxa3 Nb4 61. Ra7 Nc2+ 62. Kf4 Nxd4 63. Rh7 Ne6+ 64. Ke3 Kg5 65. Re7 Nc5
66. Rg7+ Kxh5 67. Rg8 Ne6 68. Re8 Ng5 69. Kf4 Kh4 70. Rh8 Nh3+ 71. Ke3 Kg5 72.
Rg8+ 1/2-1/2

[Event "London Classic Open 2017"]
[Site "London ENG"]
[Date "2017.12.03"]
[Round "3.87"]
[White "Newton, Andrew"]
[Black "Englisch, Colya"]
[Result "0-1"]
[WhiteElo "1886"]
[BlackElo "2128"]
[WhiteFideId "2403285"]
[BlackFideId "36080420"]
[EventDate "2017.12.02"]

1. c4 Nf6 2. g3 g6 3. Bg2 Bg7 4. Nc3 O-O 5. Nf3 c5 6. d4 d6 7. O-O Nc6 8. b3 Bg4
9. Be3 Nd7 10. Rc1 Bxf3 11. Bxf3 cxd4 12. Bxc6 dxe3 13. Bxb7 exf2+ 14. Kg2 Rb8
15. Bf3 Qa5 16. Nd5 Rfe8 17. Qc2 e6 18. Nf4 Rbc8 19. Nd3 Ne5 20. Kxf2 d5 21.
Nxe5 Bxe5 22. Kg2 dxc4 23. bxc4 Bd4 24. Qd3 Red8 25. Qc2 Qc5 26. Qe4 a5 27. Rfd1
a4 28. Qb7 Be3 29. Rxd8+ Rxd8 30. Rb1 Qxc4 31. Qe7 Rf8 32. h4 Qxa2 33. Rh1 Qc4
34. h5 Bc5 35. Qg5 Qd4 36. Rf1 a3 37. Rc1 Qf2+ 38. Kh3 Be3 0-1

[Event "London Classic Open 2017"]
[Site "London ENG"]
[Date "2017.12.03"]
[Round "3.88"]
[White "Smith, Andrew Philip"]
[Black "Espinosa Cancino, Monica"]
[Result "1-0"]
[WhiteTitle "FM"]
[WhiteElo "2126"]
[BlackElo "1721"]
[WhiteFideId "2500833"]
[BlackFideId "22253025"]
[EventDate "2017.12.02"]

1. e4 c5 2. Nf3 d6 3. d4 cxd4 4. Nxd4 Nf6 5. Nc3 a6 6. Bg5 e6 7. Qf3 Be7 8.
O-O-O Qc7 9. Be2 O-O 10. Qg3 Kh8 11. f4 Nc6 12. Nxc6 bxc6 13. Qh4 e5 14. Rhf1
Ng8 15. Bxe7 Nxe7 16. f5 f6 17. Bc4 Ng8 18. Rd3 Nh6 19. g4 Bb7 20. Qg3 Rac8 21.
Rfd1 Rcd8 22. h4 Ng8 23. g5 Ne7 24. gxf6 Rxf6 25. Qxe5 Nc8 26. Qg3 Rff8 27. Be6
Nb6 28. h5 Qe7 29. Ne2 Bc8 30. Nf4 Rfe8 31. Kb1 Bxe6 32. Nxe6 Rd7 33. Rxd6 Rxd6
34. Qxd6 Qxd6 35. Rxd6 Rc8 36. Nd4 Nc4 37. Rxc6 Rxc6 38. Nxc6 Nd2+ 39. Kc1 Nxe4
40. b4 Nc3 41. Kb2 Nd5 42. a4 Nc7 43. c4 Ne8 44. b5 1-0

[Event "London Classic Open 2017"]
[Site "London ENG"]
[Date "2017.12.03"]
[Round "3.89"]
[White "Hughes, Anthony"]
[Black "Rocco, Federico"]
[Result "0-1"]
[WhiteTitle "CM"]
[WhiteElo "1810"]
[BlackElo "2120"]
[WhiteFideId "1803093"]
[BlackFideId "431362"]
[EventDate "2017.12.02"]

1. d4 Nf6 2. Nf3 g6 3. c4 Bg7 4. g3 O-O 5. Bg2 d6 6. O-O Nc6 7. Nc3 a6 8. Bg5 h6
9. Bxf6 Bxf6 10. Qd2 Bg7 11. Rad1 Rb8 12. d5 Na5 13. b3 c5 14. Rfe1 b5 15. cxb5
axb5 16. e4 b4 17. Ne2 c4 18. Nfd4 c3 19. Qc2 Ba6 20. Bf1 Qb6 21. Kg2 Rbe8 22.
f4 Nb7 23. Nf3 Nc5 24. Ned4 Ra8 25. Nc6 Qb7 26. e5 e6 27. exd6 exd5 28. Ne7+ Kh8
29. Nxd5 Bxf1+ 30. Rxf1 Rad8 31. Ne3 Qc6 32. Nc4 Nb7 33. Ne5 Qb6 34. d7 Nc5 35.
Rd5 Bxe5 36. Nxe5 Nxd7 37. Nxd7 Qc6 38. Nxf8 Qxd5+ 39. Kg1 Rxf8 40. Rd1 Qc5+ 41.
Qf2 Qxf2+ 42. Kxf2 Ra8 43. a4 bxa3 44. Ra1 Rd8 45. Ke3 c2 46. Ke2 Rd1 0-1